[Event "WchT Seniors 50"]
[Site "Hersonissos"]
[Date "2017.04.29"]
[Round "6.3"]
[White "Kvisth, Bengt"]
[Black "Bhopal, Raj"]
[Result "1/2-1/2"]
[WhiteElo "1721"]
[BlackElo "1951"]
[PlyCount "106"]
[EventDate "2017.04.24"]
[EventType "team-swiss"]
[EventRounds "9"]
[EventCountry "GRE"]
[SourceTitle "CBM 178 Extra"]
[Source "ChessBase"]
[SourceDate "2017.06.22"]
[SourceVersion "1"]
[SourceVersionDate "2017.06.22"]
[SourceQuality "1"]
[WhiteTeam "Sweden"]
[BlackTeam "Scotland"]
[WhiteTeamCountry "SWE"]
[BlackTeamCountry "SCO"]

1. d4 f5 2. g3 Nf6 3. Bg2 e6 4. Nf3 Be7 5. 0-0 0-0 6. c4 d6 7. Nc3 Qe8 8. Re1 Nbd7 9. e4 fxe4 10. Nxe4 Nxe4 11. Rxe4 Nf6 12. Re1 Qh5 13. Nh4 Qxd1 14. Rxd1 Ng4 15. Nf3 Bd7 16. h3 Nh6 17. Bxh6 gxh6 18. b3 Rf7 19. Rf1 Raf8 20. Nd2 Bf6 21. Ne4 Bxd4 22. Rad1 e5 23. Rd2 Bc6 24. b4 a6 25. g4 Kg7 26. a3 Kg6 27. Ng3 Bxg2 28. Kxg2 Rf3 29. Nf5 Rxa3 30. Nxd4 exd4 31. Rxd4 Ra4 32. Rb1 Ra2 33. Rf1 Rb2 34. Kg3 Rxb4 35. f4 Re8 36. f5+ Kf6 37. Kf4 d5 38. h4 Rxc4 39. g5+ Kf7 40. Rxc4 hxg5+ 41. hxg5 dxc4 42. Rh1 Kg8 43. f6 b5 44. Kf5 Re2 45. Rd1 Rf2+ 46. Ke6 Re2+ 47. Kf5 Re8 48. Rd7 Rc8 49. Rg7+ Kh8 50. g6 hxg6+ 51. Kxg6 Rg8 52. Kf7 Rb8 53. Kg6 Rg8 1/2-1/2

[Event "WchT Seniors 50"]
[Site "Hersonissos"]
[Date "2017.04.27"]
[Round "4.4"]
[White "Bhopal, Raj"]
[Black "Meskanen, Vesa"]
[Result "1-0"]
[WhiteElo "1951"]
[BlackElo "2052"]
[PlyCount "71"]
[EventDate "2017.04.24"]
[EventType "team-swiss"]
[EventRounds "9"]
[EventCountry "GRE"]
[SourceTitle "CBM 178 Extra"]
[Source "ChessBase"]
[SourceDate "2017.06.22"]
[SourceVersion "1"]
[SourceVersionDate "2017.06.22"]
[SourceQuality "1"]
[WhiteTeam "Scotland"]
[BlackTeam "Finland"]
[WhiteTeamCountry "SCO"]
[BlackTeamCountry "FIN"]

1. e4 c5 2. Nf3 d6 3. Bb5+ Nc6 4. 0-0 Bd7 5. Re1 a6 6. Bd3 g6 7. c3 Bg7 8. Bc2 e5 9. d3 Rc8 10. Nbd2 Nge7 11. Nc4 Qc7 12. a4 0-0 13. Ne3 h6 14. Bb3 Kh7 15. g4 f5 16. exf5 gxf5 17. gxf5 Nxf5 18. Nxf5 Rxf5 19. Nh4 Rf6 20. d4 exd4 21. Qd3+ Kh8 22. Ng6+ Rxg6+ 23. Qxg6 Ne5 24. Rxe5 dxe5 25. Bc2 Kg8 26. Bxh6 Bh3 27. Bb3+ Kh8 28. Bf7 Qxf7 29. Qxf7 Bxh6 30. Qf6+ Kh7 31. Qe7+ Kh8 32. Qxe5+ Kh7 33. Qe4+ Kh8 34. Kh1 Bd7 35. Qe5+ Bg7 36. Qh5+ 1-0

[Event "SCO-ch 123rd"]
[Site "Glasgow"]
[Date "2016.07.10"]
[Round "2"]
[White "Bhopal, Raj"]
[Black "Volland, Ben"]
[Result "1-0"]
[WhiteElo "1999"]
[BlackElo "1605"]
[PlyCount "53"]
[EventDate "2016.07.09"]
[EventType "swiss"]
[EventRounds "9"]
[EventCountry "SCO"]
[SourceTitle "CBM 173 Extra"]
[Source "ChessBase"]
[SourceDate "2016.08.29"]
[SourceVersion "1"]
[SourceVersionDate "2016.08.29"]
[SourceQuality "1"]

1. e4 e5 2. Nf3 Nc6 3. Bb5 a6 4. Ba4 Nf6 5. 0-0 Be7 6. Qe2 b5 7. Bb3 0-0 8. c3 d6 9. Rd1 Bg4 10. h3 Bh5 11. d3 Qc8 12. Nbd2 Rd8 13. Nf1 Na5 14. Bc2 c5 15. Ng3 Bg6 16. Nh4 Nc6 17. Nhf5 Bf8 18. Bg5 Ne7 19. Bxf6 gxf6 20. Nxe7+ Bxe7 21. h4 h6 22. Bb3 f5 23. exf5 Bxf5 24. Qh5 Be6 25. Qxh6 Bf8 26. Qg5+ Kh8 27. Nh5 1-0

[Event "Edinburgh Premier"]
[Site "Edinburgh"]
[Date "2016.04.10"]
[Round "5.14"]
[White "Hall, David G"]
[Black "Bhopal, Raj"]
[Result "0-1"]
[WhiteElo "1874"]
[BlackElo "1998"]
[PlyCount "60"]
[EventDate "2016.04.08"]
[EventType "swiss"]
[EventRounds "5"]
[EventCountry "SCO"]
[SourceTitle "EXT 2023"]
[Source "ChessBase"]
[SourceDate "2022.10.05"]
[SourceVersion "1"]
[SourceVersionDate "2022.10.05"]
[SourceQuality "1"]

1. d4 f5 2. e4 fxe4 3. Nc3 Nf6 4. Bg5 Nc6 5. d5 Ne5 6. Qd4 Nf7 7. Bxf6 exf6 8. Nxe4 Be7 9. 0-0-0 0-0 10. Nf3 f5 11. Ng3 Bf6 12. Qd2 g6 13. Bd3 Bg7 14. Kb1 Qf6 15. c3 a5 16. h4 a4 17. a3 b6 18. h5 Bb7 19. hxg6 hxg6 20. Nh4 Nd6 21. c4 Ba6 22. Rc1 Rab8 23. Qb4 b5 24. c5 Nc4 25. Nhxf5 gxf5 26. Rc3 Nxb2 27. Bxf5 Qxc3 28. Bh7+ Kf7 29. Qf4+ Qf6 30. Qh4 Qxh4 0-1

[Event "Livingston op 1st"]
[Site "Livingston"]
[Date "2016.01.29"]
[Round "1.7"]
[White "Gray, Euan"]
[Black "Bhopal, Raj"]
[Result "1-0"]
[WhiteElo "1698"]
[BlackElo "2002"]
[PlyCount "117"]
[EventDate "2016.01.29"]
[EventType "swiss"]
[EventRounds "5"]
[EventCountry "ENG"]
[SourceTitle "EXT 2023"]
[Source "ChessBase"]
[SourceDate "2022.10.05"]
[SourceVersion "1"]
[SourceVersionDate "2022.10.05"]
[SourceQuality "1"]

1. d4 d5 2. c4 e6 3. Nc3 c5 4. cxd5 exd5 5. Nf3 Nc6 6. g3 Nf6 7. Bg2 Be7 8. 0-0 0-0 9. dxc5 Bxc5 10. b3 Re8 11. Bb2 a6 12. Rc1 Ba7 13. Qc2 Bg4 14. Rfd1 Bh5 15. e3 Rc8 16. Rd2 Nb4 17. Qd1 Qe7 18. a3 d4 19. exd4 Nbd5 20. Nxd5 Nxd5 21. Rxc8 Rxc8 22. Qe1 Qd8 23. Qe5 Nf6 24. Nh4 Qb6 25. b4 Re8 26. Qc5 Re1+ 27. Bf1 Bg4 28. Ng2 Rb1 29. Qc2 Rxb2 30. Qxb2 Ne4 31. Rd3 Ng5 32. Ne1 Qf6 33. Bg2 Ne6 34. Nc2 h5 35. Bxb7 Be2 36. Rd2 Bf3 37. Bxf3 Qxf3 38. Ne1 Qd5 39. Qa2 Qg5 40. d5 Nf4 41. Qc2 Nh3+ 42. Kf1 Qg4 43. f3 Qg5 44. Qd3 Qd8 45. Qxa6 Be3 46. Re2 Bd4 47. Qc6 Kh7 48. Qc2+ g6 49. Qe4 Qb6 50. Qe8 Bg7 51. Qe3 Bd4 52. Qd3 Bf2 53. Kg2 Bxe1 54. Kxh3 Qg1 55. Rg2 Qa7 56. Re2 Qg1 57. Re7 Kg7 58. Qe2 Bf2 59. d6 1-0

[Event "SCO-ch 122nd"]
[Site "Edinburgh"]
[Date "2015.07.18"]
[Round "8"]
[White "Rubio Rodriguez, Luis"]
[Black "Bhopal, Raj"]
[Result "0-1"]
[WhiteElo "1826"]
[BlackElo "2006"]
[PlyCount "78"]
[EventDate "2015.07.11"]
[EventType "swiss"]
[EventRounds "9"]
[EventCountry "SCO"]
[SourceTitle "CBM 167 Extra"]
[Source "ChessBase"]
[SourceDate "2015.09.14"]
[SourceVersion "1"]
[SourceVersionDate "2015.09.14"]
[SourceQuality "1"]

1. e4 g6 2. d4 Bg7 3. Nc3 d6 4. Be3 Nd7 5. f4 c5 6. Nf3 Ngf6 7. Qd2 0-0 8. h3 a6 9. 0-0-0 b5 10. e5 cxd4 11. Qxd4 Nh5 12. Bf2 Bb7 13. Be2 Bh6 14. g3 Nxe5 15. Qe3 Qa5 16. Nxe5 dxe5 17. Bxh5 exf4 18. gxf4 Bxh1 19. Rxh1 b4 20. Bf3 bxc3 21. Bxa8 Qxa2 22. bxc3 Rxa8 23. Qe4 Rd8 24. Bd4 Qa3+ 25. Kd2 Qd6 26. Ke3 f5 27. Qe5 Qxe5+ 28. Bxe5 Rd5 29. Kf3 Kf7 30. Ra1 a5 31. c4 Rc5 32. Ra4 Bg7 33. Bxg7 Kxg7 34. Ke3 e5 35. fxe5 Rxe5+ 36. Kd4 Kf6 37. c5 Re4+ 38. Kd5 Rxa4 39. c3 Ke7 0-1

[Event "SCO-ch 122nd"]
[Site "Edinburgh"]
[Date "2015.07.11"]
[Round "1"]
[White "Bhopal, Raj"]
[Black "Tate, Alan"]
[Result "1/2-1/2"]
[WhiteElo "2006"]
[BlackElo "2335"]
[PlyCount "55"]
[EventDate "2015.07.11"]
[EventType "swiss"]
[EventRounds "9"]
[EventCountry "SCO"]
[SourceTitle "CBM 167 Extra"]
[Source "ChessBase"]
[SourceDate "2015.09.14"]
[SourceVersion "1"]
[SourceVersionDate "2015.09.14"]
[SourceQuality "1"]

1. Nf3 g6 2. d4 Nf6 3. Bf4 Bg7 4. e3 0-0 5. h3 d6 6. Be2 Nfd7 7. Nc3 e5 8. Bg3 Nc6 9. 0-0 h6 10. Qd2 f5 11. dxe5 Ndxe5 12. Rad1 Be6 13. Nd5 Bf7 14. c4 a5 15. Rfe1 a4 16. Rc1 Nxf3+ 17. Bxf3 Ne5 18. Be2 c6 19. Nb4 Qa5 20. Red1 Rad8 21. f4 Nd7 22. Nxc6 Qxd2 23. Ne7+ Kh7 24. Rxd2 Rfe8 25. Bh4 Nf6 26. Bxf6 Bxf6 27. Nd5 Bxd5 28. cxd5 1/2-1/2

[Event "Commonwealth-ch"]
[Site "Glasgow"]
[Date "2014.07.04"]
[Round "4"]
[White "Bhopal, Raj"]
[Black "Constantinou, Peter"]
[Result "0-1"]
[WhiteElo "2047"]
[BlackElo "2285"]
[PlyCount "98"]
[EventDate "2014.06.30"]
[EventType "swiss"]
[EventRounds "9"]
[EventCountry "SCO"]
[SourceTitle "CBM 161 Extra"]
[Source "ChessBase"]
[SourceDate "2014.08.29"]
[SourceVersion "1"]
[SourceVersionDate "2014.08.29"]
[SourceQuality "1"]

1. Nf3 d5 2. g3 c6 3. Bg2 Bg4 4. 0-0 Nd7 5. d3 Ngf6 6. Nbd2 e5 7. e4 dxe4 8. dxe4 Bc5 9. h3 Bh5 10. Qe2 0-0 11. Nb3 Be7 12. Bd2 Qc7 13. g4 Bg6 14. Nh4 Rfe8 15. Nxg6 hxg6 16. Rad1 Nh7 17. Be3 Nhf8 18. Rd2 Ne6 19. Rfd1 Red8 20. Qf3 a5 21. Nc1 b5 22. Ne2 a4 23. Qg3 Bc5 24. g5 Bxe3 25. Qxe3 Nb6 26. b3 Rxd2 27. Rxd2 Rd8 28. h4 Rxd2 29. Qxd2 Qd8 30. Qxd8+ Nxd8 31. Bh3 Kf8 32. Nc1 Ke7 33. Nd3 Kd6 34. Kf1 c5 35. Bg4 c4 36. Nc1 Kc5 37. bxa4 Nxa4 38. Bd7 Nc3 39. f3 Kd6 40. Bg4 Kc5 41. Ke1 Kb4 42. Bd7 Ka3 43. Ne2 Nxe2 44. Kxe2 Ne6 45. Kd1 Nc7 46. c3 Kb2 47. Kd2 b4 48. Ba4 bxc3+ 49. Kd1 Nb5 0-1

[Event "Commonwealth-ch"]
[Site "Glasgow"]
[Date "2014.07.04"]
[Round "5"]
[White "Opasiak, Dustin Tennessee"]
[Black "Bhopal, Raj"]
[Result "0-1"]
[WhiteElo "1836"]
[BlackElo "2047"]
[PlyCount "88"]
[EventDate "2014.06.30"]
[EventType "swiss"]
[EventRounds "9"]
[EventCountry "SCO"]
[SourceTitle "CBM 161 Extra"]
[Source "ChessBase"]
[SourceDate "2014.08.29"]
[SourceVersion "1"]
[SourceVersionDate "2014.08.29"]
[SourceQuality "1"]

1. e4 g6 2. d3 Bg7 3. Nd2 c5 4. Ngf3 Nc6 5. g3 d6 6. Bg2 e6 7. 0-0 Nge7 8. c3 b5 9. Re1 0-0 10. e5 dxe5 11. Nxe5 Bxe5 12. Rxe5 Nxe5 13. Bxa8 Qxd3 14. Qe1 Qd6 15. Nf3 Nd3 16. Qd2 Rd8 17. Be4 c4 18. Qh6 f6 19. Bg5 e5 20. Rd1 Bg4 21. Be3 Bxf3 22. Bxf3 Nf5 23. Qh3 Nxe3 24. fxe3 Qb6 25. Qh6 f5 26. Kg2 Nxb2 27. Bd5+ Kh8 28. Rf1 Nd3 29. e4 f4 30. Qg5 Qd6 31. Bc6 a6 32. Bd5 Kg7 33. h4 Qf6 34. Qg4 h5 35. Qf3 Rf8 36. a4 fxg3 37. Kxg3 Qxf3+ 38. Rxf3 Rxf3+ 39. Kxf3 bxa4 40. Bxc4 a3 41. Ke3 Nc1 42. Kd2 a2 43. Bxa2 Nxa2 44. Kc2 g5 0-1